| 000 | 00550nam a22002057a 4500 | ||
|---|---|---|---|
| 003 | OSt | ||
| 005 | 20220107122817.0 | ||
| 008 | 160712b xxu||||| |||| 00| 0 eng d | ||
| 020 | _a9788126547197 | ||
| 040 | _cIIITMK | ||
| 082 | _a005.432A HEL/A | ||
| 100 |
_99963 _aHellman, Erik |
||
| 245 |
_aAndroid programming: _bPushing the limits _cErik Hellman |
||
| 260 |
_aNew Delhi, _bWiley India, _c2014. |
||
| 300 | _axvi, 416p. | ||
| 650 |
_aCOMPUTER SCIENCE _99964 |
||
| 650 |
_aOPERATING SYSTEM _99965 |
||
| 650 |
_aANDROID _99966 |
||
| 942 |
_2ddc _cBK |
||
| 999 |
_c5272 _d5272 |
||